[Event "Esbjerg-B"]
[Site "Esbjerg"]
[Date "1981.??.??"]
[Round "5"]
[White "Ravikumar, Vaidyanathan"]
[Black "Pokojowczyk, Jerzy"]
[Result "0-1"]
[WhiteElo "2325"]
[BlackElo "2390"]

1.d4 Nf6 2.c4 e6 3.Nf3 b6 4.Nc3 Bb4 5.Bg5 h6 6.Bh4 Bb7 7.e3 g5 8.Bg3 Ne4
9.Qc2 Bxc3+ 10.bxc3 d6 11.Bd3 f5 12.d5 Nd7 13.Nd4 Ndc5 14.Nxe6 Nxe6 15.dxe6 Qf6
16.f3 Nxg3 17.hxg3 O-O 18.e7 Qxe7 19.Rxh6 Kg7 20.Rh5 Rh8 21.Rxh8 Rxh8 22.O-O-O Qxe3+
23.Kb1 g4 24.Qa4 Qe8 25.Qxa7 Qc6 26.Qa3 gxf3 27.Qc1 Kf6 28.Qf4 Qc5 29.gxf3 Qe5
30.Qd4 Qxd4 31.cxd4 Bxf3 32.Rf1 Bg4 33.Kb2 Rh2+ 34.Kc3 Rg2 35.d5 Rxg3 36.Kd4 Rg2
37.Ra1 Rd2 38.Ke3 Rh2 39.a4 Ke5 40.Bf1 Rb2 41.a5 bxa5 42.Rxa5 Rb1 43.Bd3  0-1

[Event "Gausdal Int"]
[Site "Gausdal"]
[Date "1981.??.??"]
[Round "7"]
[White "Sjoberg, Mats"]
[Black "Schneider, Lars Ake"]
[Result "1-0"]
[WhiteElo "2330"]
[BlackElo "2410"]

1.d4 Nf6 2.c4 e6 3.Nf3 b6 4.Nc3 Bb7 5.a3 d5 6.Bg5 Be7 7.e3 O-O 8.Bd3 Nbd7
9.O-O c5 10.Re1 dxc4 11.Bxc4 Ne4 12.Bf4 cxd4 13.Nxe4 Bxe4 14.exd4 Nf6 15.Ne5 Qc8
16.Qe2 a6 17.Bg5 Bb7 18.Nxf7 Qc6 19.f3 Rxf7 20.Bxe6 Rf8 21.Rac1 Qd6 22.Qe5 h6
23.Rc7 Qxe5 24.dxe5 Bc5+ 25.Be3 Bxe3+ 26.Rxe3 Nd5 27.Rxf7 Rxf7 28.Rd3 Kf8
29.Bxd5 Bxd5 30.Rxd5 Rc7 31.Rd2 Rc5 32.f4 g5 33.g3 Ke7 34.Kg2 Ke6 35.Kf3 gxf4
36.gxf4 Kf5 37.Ke3 Rc4 38.Rf2 h5 39.Kd3 Rc1 40.Kd2 Rg1 41.Kd3 h4 42.Re2 Kxf4
43.e6 Rg8 44.e7 Re8 45.Kd4 Kf3 46.Re6 Kg2 47.Kd5  1-0

[Event "DSV-Turnier"]
[Site "Halle"]
[Date "1981.??.??"]
[Round "5"]
[White "Lechtynsky, Jiri"]
[Black "Vilela, Jose Luis"]
[Result "1/2-1/2"]
[WhiteElo "2455"]
[BlackElo "2430"]

1.d4 Nf6 2.c4 e6 3.Nf3 b6 4.Nc3 Bb4 5.Bg5 h6 6.Bh4 Bb7 7.e3 g5 8.Bg3 Ne4
9.Qc2 f5 10.d5 Bxc3+ 11.bxc3 Na6 12.dxe6 Nac5 13.Nd4 O-O 14.f3 Nxg3 15.hxg3 Qf6
16.exd7 Rad8 17.O-O-O Rxd7 18.Be2 Re7 19.Rh5 Bc8 20.Rdh1 Kg7 21.Rxh6 Qxh6
22.Rxh6 Kxh6 23.Bd3 Nxd3+ 24.Qxd3 Rf6 25.Nb5 Rd7 26.Qe2 a6 27.Nd4 c5 28.Nc2 Re6
29.Qf1 Kg6 30.Qh1 Rh7 31.Qd1 Rd7 32.Qh1 Rh7 33.Qd1 Rd7 34.Qh1  1/2-1/2

[Event "DSV-Turnier"]
[Site "Halle"]
[Date "1981.??.??"]
[Round "7"]
[White "Lechtynsky, Jiri"]
[Black "Adamski, Jan"]
[Result "1/2-1/2"]
[WhiteElo "2455"]
[BlackElo "2430"]

1.d4 Nf6 2.c4 e6 3.Nf3 b6 4.Nc3 Bb7 5.Bg5 h6 6.Bh4 Be7 7.e3 O-O 8.Be2 c5
9.O-O Ne4 10.Bxe7 Qxe7 11.Rc1 d6 12.Nxe4 Bxe4 13.Nd2 Bb7 14.Bf3 Bxf3 15.Qxf3 Nd7
16.Rfd1 Nf6 17.Ne4 Nxe4 18.Qxe4 Rac8 19.Rc3 Rfd8 20.dxc5 dxc5 21.Rcd3 a6
22.g3 Rxd3 23.Qxd3 Qb7 24.b3 b5 25.h4 Qc6 26.Rd2 h5 27.Qd7 bxc4 28.Qxc6 Rxc6
29.bxc4 g6 30.Kg2 Rb6 31.Rd8+ Kg7 32.Rc8 Rb2 33.a3 Ra2 34.Rxc5 Rxa3 35.Kf3 f5
36.Kf4 Kf6 37.Rc6 a5 38.e4 fxe4 39.Kxe4 Ra2 40.f3 Rg2 41.Kf4 Rf2  1/2-1/2

[Event "DSV-Turnier"]
[Site "Halle"]
[Date "1981.??.??"]
[Round "10"]
[White "Vilela, Jose Luis"]
[Black "Alexandria, Nana"]
[Result "1/2-1/2"]
[WhiteElo "2430"]
[BlackElo "2295"]

1.d4 Nf6 2.c4 e6 3.Nf3 b6 4.Nc3 Bb7 5.a3 d5 6.cxd5 Nxd5 7.e3 Be7 8.Bb5+ c6
9.Bd3 Nxc3 10.bxc3 c5 11.O-O Nc6 12.Bb2 O-O 13.Qe2 Bf6 14.Rfd1 Qc7 15.Nd2 Rad8
16.Rac1 Qb8 17.Bb1 Qa8 18.f3 Na5 19.dxc5 Qc8 20.cxb6 Ba6 21.Qf2 axb6 22.Bc2 g6
23.a4 Rxd2 24.Rxd2 Nc4 25.Bb3 Nxd2 26.Qxd2 Rd8 27.Qe1 Qc5 28.Bd1 Qc4 29.g3  1/2-1/2

[Event "Helsinki"]
[Site "Helsinki"]
[Date "1981.??.??"]
[Round "2"]
[White "Schmidt, Wlodzimierz"]
[Black "Turunen, Erkki O"]
[Result "1/2-1/2"]
[WhiteElo "2495"]
[BlackElo "2295"]

1.d4 Nf6 2.c4 e6 3.Nf3 b6 4.Nc3 Bb4 5.Bg5 Bb7 6.e3 h6 7.Bh4 Bxc3+ 8.bxc3 d6
9.Nd2 e5 10.f3 Qe7 11.e4 c5 12.dxc5 dxc5 13.Bd3 Qd6 14.Nf1 Nh5 15.Ne3 Nf4
16.Bf1 Qxd1+ 17.Rxd1  1/2-1/2

[Event "Keszthely"]
[Site "Keszthely"]
[Date "1981.??.??"]
[Round "5"]
[White "Chandler, Murray G"]
[Black "Groszpeter, Attila"]
[Result "0-1"]
[WhiteElo "2455"]
[BlackElo "2435"]

1.d4 Nf6 2.c4 e6 3.Nf3 b6 4.Nc3 Bb7 5.Bf4 Be7 6.Qc2 O-O 7.e4 d5 8.e5 Ne4
9.Bd3 Na6 10.a3 c5 11.Nxe4 dxe4 12.Bxe4 Bxe4 13.Qxe4 cxd4 14.Nxd4 f5 15.exf6 Bxf6
16.Nc6 Nc5 17.Nxd8 Nxe4 18.Nxe6 Bxb2 19.Nxf8 Rxf8 20.Ra2 Bc3+ 21.Ke2 Rxf4
22.Ke3 g5 23.Rd1 Nc5 24.Rd5 h6 25.g3 Rxc4 26.f4 Bf6 27.fxg5 hxg5 28.Kf3 Kf7
29.Rf5 Ke6 30.g4 Nd7 31.h3 Ne5+ 32.Kg3 Rc3+ 33.Kg2 Re3 34.Raf2 Be7 35.a4 Nd3
36.Rf1 Nf4+ 37.Kf2 Rxh3 38.Re1+ Kd7 39.Re4 Bc5+ 40.Ke1 Rh1+ 41.Kd2 Ne6 42.Rf6 Nd4
43.Kd3 Nc6 44.Rg6 Rd1+ 45.Kc4 Rc1+ 46.Kb5 Nb8 47.a5 a6+ 48.Ka4 Rc3  0-1

[Event "Keszthely"]
[Site "Keszthely"]
[Date "1981.??.??"]
[Round "9"]
[White "Plachetka, Jan"]
[Black "Groszpeter, Attila"]
[Result "0-1"]
[WhiteElo "2425"]
[BlackElo "2435"]

1.d4 Nf6 2.c4 e6 3.Nf3 b6 4.Nc3 Bb7 5.a3 d5 6.cxd5 Nxd5 7.e3 Be7 8.Bb5+ c6
9.Bd3 O-O 10.e4 Nxc3 11.bxc3 c5 12.O-O cxd4 13.cxd4 Nc6 14.Be3 Bf6 15.Bb1 g6
16.Ra2 Na5 17.Qe2 Rc8 18.Bd3 Nb3 19.Rd1 Nxd4 20.Bxd4 Bxd4 21.Bb5 e5 22.Nxe5 Qe7
23.Nd7 Rfd8 24.Rxd4 Rc1+ 25.Rd1 Qxe4 26.Qxe4 Rxd1+ 27.Bf1 Bxe4 28.Nf6+ Kg7
29.Nxe4 f5 30.Nc3 Rc1 31.Ne2 Rxf1+  0-1

[Event "NLD-ch"]
[Site "Leeuwarden"]
[Date "1981.??.??"]
[Round "2"]
[White "Bohm, Hans"]
[Black "Stehouwer, Coen"]
[Result "1/2-1/2"]
[WhiteElo "2410"]
[BlackElo "2200"]

1.d4 e6 2.Nf3 Nf6 3.c4 b6 4.Nc3 Bb4 5.Bd2 Bb7 6.e3 O-O 7.Bd3 d5 8.cxd5 exd5
9.Ne5 Bd6 10.f4 c5 11.O-O Nc6 12.Rc1 a6 13.Rf3 g6 14.Be1 cxd4 15.Nxc6 Bxc6
16.exd4 Ne4 17.f5 b5 18.Bb1 b4 19.Ne2 Rc8 20.Ng3 Qg5 21.fxg6 hxg6 22.b3 f5
23.Nf1 Bd7 24.Rxc8 Rxc8 25.Bc2 Qf6 26.h3 Bf8 27.Bg3 Nxg3 28.Nxg3 Bg7 29.Ne2 Bb5
30.Bd3 Bxd3 31.Qxd3 a5 32.Rf1 Qb6 33.Rd1 Re8 34.Kh1 Re4 35.Qc2 Qa6 36.Ng3 Rxd4
37.Rd2 Qf6  1/2-1/2

[Event "NLD-ch"]
[Site "Leeuwarden"]
[Date "1981.??.??"]
[Round "9"]
[White "Ree, Hans"]
[Black "Stehouwer, Coen"]
[Result "1/2-1/2"]
[WhiteElo "2485"]
[BlackElo "2200"]

1.d4 Nf6 2.c4 e6 3.Nf3 b6 4.Nc3 Bb4 5.Bg5 Bb7 6.e3 h6 7.Bh4 g5 8.Bg3 Ne4
9.Qc2 d6 10.Bd3 Bxc3+ 11.bxc3 Nxg3 12.fxg3 Nd7 13.O-O Qe7 14.Be4 Bxe4 15.Qxe4 O-O
16.Qc6 a5 17.Nd2 Rac8 18.g4 f5 19.gxf5 exf5 20.Rae1 Kg7 21.Rf3 Rf7 22.Qb7 Rcf8
23.Qxc7 Ne5 24.Qxb6 Nxf3+ 25.gxf3 g4  1/2-1/2

[Event "Lone Pine op"]
[Site "Lone Pine"]
[Date "1981.??.??"]
[Round "?"]
[White "Henley, Ron W"]
[Black "Sosonko, Gennadi"]
[Result "1/2-1/2"]
[WhiteElo "2440"]
[BlackElo "2595"]

1.d4 Nf6 2.c4 e6 3.Nf3 b6 4.Nc3 Bb7 5.a3 d5 6.cxd5 Nxd5 7.e3 Be7 8.Bb5+ c6
9.Bd3 Nxc3 10.bxc3 c5 11.Qe2 Nc6 12.Bb2 O-O 13.Rd1 Qc7 14.e4 Na5 15.O-O Rac8
16.Rfe1 Rfd8 17.d5 c4 18.Bc2 e5 19.Nd2 Ba6 20.Kh1 Nb7 21.f4 Bd6 22.f5 Be7
23.Qh5 Nc5 24.Re3 Rd6 25.Rg3 Bf6 26.Nf3 Nd3 27.Bxd3 cxd3 28.c4 Re8 29.Rxd3 Qxc4
30.Ng5 Bxg5 31.Qxg5 g6 32.Rdf3 Qxe4 33.h4 Qb1+ 34.Kh2 Qxb2 35.fxg6 hxg6 36.Rf6 Rxf6
37.Qxf6 Qd4 38.Rxg6+ fxg6 39.Qxg6+ Kf8  1/2-1/2

[Event "Lone Pine op"]
[Site "Lone Pine"]
[Date "1981.??.??"]
[Round "?"]
[White "Reshevsky, Samuel Herman"]
[Black "Sosonko, Gennadi"]
[Result "1/2-1/2"]
[WhiteElo "2485"]
[BlackElo "2595"]

1.d4 Nf6 2.Nf3 e6 3.c4 b6 4.Nc3 Bb7 5.a3 d5 6.cxd5 Nxd5 7.e3 Be7 8.Bd3 Nxc3
9.bxc3 c5 10.O-O Nc6 11.Qe2 O-O 12.Rd1 cxd4 13.cxd4 Na5 14.Bb2 Rc8 15.e4 Bf6
16.Rac1 Rxc1 17.Rxc1 Qb8 18.Rd1 Rc8 19.e5 Be7 20.Nd2 Qc7 21.Qh5 g6 22.Qe2 Qd7
23.h3 Qd5 24.Be4 Qa2 25.Bxb7 Nxb7 26.Ne4 Bxa3 27.Qd2 Kg7  1/2-1/2

[Event "Lone Pine op"]
[Site "Lone Pine"]
[Date "1981.??.??"]
[Round "?"]
[White "Henley, Ron W"]
[Black "Kudrin, Sergey"]
[Result "1-0"]
[WhiteElo "2440"]
[BlackElo "2425"]

1.d4 Nf6 2.c4 e6 3.Nf3 b6 4.Nc3 Bb4 5.Qb3 a5 6.e3 Bb7 7.Bd3 Ne4 8.O-O Bxc3
9.bxc3 d6 10.Ne1 Nd7 11.f3 Nef6 12.e4 h6 13.Rb1 Qe7 14.Ba3 e5 15.Nc2 Nh5
16.g3 g6 17.c5 a4 18.Qc4 dxc5 19.dxc5 Qe6 20.Rfd1 Ba6 21.Qxe6+ fxe6 22.Bxa6 Rxa6
23.Nb4 Ra8 24.Nc6 bxc5 25.Rb7 Nhf6 26.Rxc7 Rh7 27.Rd6 Rf7 28.Rxe6+ Kf8 29.Nxe5 Nxe5
30.Bxc5+ Kg8 31.Rxf7 Nxf3+ 32.Kf2 Kxf7 33.Re7+ Kg8 34.Kxf3 Rb8 35.h3 Nh7
36.h4 Rf8+ 37.Ke2 Nf6 38.Bd4 Nh5 39.Be5 g5 40.hxg5 hxg5 41.c4 g4 42.c5 Rc8
43.Bd6 Nf6 44.Ke3 Re8 45.Rxe8+ Nxe8 46.Be5 Kf7 47.c6  1-0

[Event "Lone Pine op"]
[Site "Lone Pine"]
[Date "1981.??.??"]
[Round "?"]
[White "Wilder, Michael"]
[Black "Tarjan, James Edward"]
[Result "0-1"]
[WhiteElo "2420"]
[BlackElo "2530"]

1.d4 Nf6 2.Nf3 e6 3.c4 b6 4.Nc3 Bb4 5.Bg5 h6 6.Bxf6 Bxc3+ 7.bxc3 Qxf6 8.e4 Bb7
9.Bd3 d6 10.O-O Nd7 11.Ne1 O-O 12.f4 Qe7 13.Nc2 f5 14.exf5 exf5 15.Qd2 Be4
16.Bxe4 fxe4 17.Ne3 Nf6 18.g4 Qd7 19.Qg2 d5 20.g5 Nh5 21.f5 hxg5 22.Qxg5 Nf6
23.cxd5 Nxd5 24.Ng4 Nf6 25.Ne5 Qd5 26.Rf4 c5 27.Ng6 Rfe8 28.Rh4 Kf7 29.Nf4 Qc4
30.Qg6+ Kg8 31.Ne6 Rxe6 32.fxe6 Qxe6 33.Rf1 e3 34.Qg2 Re8 35.Qh3 Qxh3 36.Rxh3 c4
37.Re1 Nd5 38.Rf3 b5 39.a3 a5 40.Kf1 Nxc3 41.Rexe3 Rxe3 42.Rxe3 b4 43.axb4 axb4
44.Rxc3 bxc3 45.Ke2 Kf7 46.Kd1 Ke6 47.Kc2 Kd6  0-1

[Event "POL-chT"]
[Site "Lubniewice"]
[Date "1981.??.??"]
[Round "2"]
[White "Kuligowski, Adam"]
[Black "Panczyk, Krzysztof"]
[Result "1/2-1/2"]
[WhiteElo "2450"]
[BlackElo "2365"]

1.c4 e6 2.d4 Nf6 3.Nf3 b6 4.Nc3 Bb4 5.Bg5 h6 6.Bh4 Bb7 7.e3 Bxc3+ 8.bxc3 d6
9.Nd2 Nbd7 10.f3 Qe7 11.e4 e5 12.Bd3 g5 13.Bf2 Nh5 14.Kf1 Nf4 15.Bc2 h5 16.g3 Ne6
17.a4 h4 18.d5 Ng7 19.g4 a5 20.Nb1 Ba6 21.Na3 Nf8 22.Bd3 Ng6 23.Ke1 Nf4 24.Bf1 Kf8
25.h3 Ne8 26.Be3 Nf6 27.Nb5 Bxb5 28.cxb5 Nd7 29.c4  1/2-1/2

[Event "POL-chT"]
[Site "Lubniewice"]
[Date "1981.??.??"]
[Round "6"]
[White "Krawcewicz, Lucyna"]
[Black "Turczynowicz, Lidia"]
[Result "1/2-1/2"]
[WhiteElo "2200"]
[BlackElo "2200"]

1.d4 Nf6 2.Nf3 e6 3.c4 b6 4.Nc3 Bb7 5.e3 Be7 6.Bd3 d5 7.O-O O-O 8.Qc2 dxc4
9.Bxc4 Nbd7 10.e4 c5 11.Rd1 cxd4 12.Nxd4 Qc8 13.Qe2 Ne5 14.Bb3 Rd8 15.Bf4 Ng6
16.Bg3 Bc5 17.Nc2 e5 18.Rxd8+ Qxd8 19.Rd1 Qe7 20.Kh1 Rd8 21.f3 Nh5 22.Ne3 Rxd1+
23.Ncxd1 Nxg3+ 24.hxg3 Qd8 25.Qc4 Qd7 26.Nf5 Bc6  1/2-1/2

[Event "POL-chT"]
[Site "Lubniewice"]
[Date "1981.??.??"]
[Round "7"]
[White "Kaluzny, Wlodzimierz"]
[Black "Staniszewski, Piotr"]
[Result "1/2-1/2"]
[WhiteElo "2200"]
[BlackElo "2200"]

1.d4 Nf6 2.Nf3 e6 3.c4 b6 4.Nc3 Bb7 5.e3 Be7 6.Bd3 c5 7.O-O d6 8.Qe2 Nbd7
9.a4 O-O 10.b3 a6 11.Bb2 Re8 12.Rfd1 Bf8 13.Bc2 cxd4 14.Nxd4 Rc8 15.Rac1 Qc7
16.Nb1 Qb8 17.Nd2 Qa8 18.N4f3 Ne4 19.Nxe4 Bxe4 20.Bxe4 Qxe4 21.Ba3 Nc5 22.Bxc5 bxc5
23.Rd3 Rb8  1/2-1/2

[Event "Lvov"]
[Site "Lvov"]
[Date "1981.??.??"]
[Round "8"]
[White "Buturin, Vladimir"]
[Black "Romanishin, Oleg M"]
[Result "0-1"]
[WhiteElo "2310"]
[BlackElo "2595"]

1.Nf3 Nf6 2.c4 e6 3.d4 b6 4.Nc3 Bb4 5.Bg5 Bb7 6.e3 h6 7.Bh4 Bxc3+ 8.bxc3 d6
9.Nd2 Nbd7 10.f3 e5 11.e4 Nf8 12.Bf2 Ne6 13.g3 Nd7 14.Be2 Qf6 15.Nb3 O-O
16.Be3 exd4 17.cxd4 Qg6 18.Bd3 Rae8 19.O-O Qh5 20.d5 Nec5 21.Nxc5 bxc5 22.Be2 Qg6
23.Bf2 Bc8 24.Be1 f5 25.exf5 Qxf5 26.Bc3 Ne5 27.f4 Qe4 28.fxe5 Bh3 29.Bf3 Qe3+
30.Rf2 Qxc3 31.e6 Rf6 32.Rc1 Qe3 33.Rc2 Ref8 34.e7 Qxe7 35.Rce2 Qf7 36.Re3 Qg6
37.Qe1 h5 38.Re6 Bxe6 39.dxe6 Rxf3  0-1

[Event "Montreal zt"]
[Site "Montreal"]
[Date "1981.??.??"]
[Round "?"]
[White "Buchholz, Martin"]
[Black "Baragar, Fletcher"]
[Result "1/2-1/2"]
[WhiteElo "2235"]
[BlackElo "2270"]

1.c4 Nf6 2.Nc3 e6 3.Nf3 b6 4.d4 Bb7 5.a3 d5 6.cxd5 exd5 7.Bg5 Be7 8.Bxf6 Bxf6
9.g3 O-O 10.Bg2 Na6 11.O-O c5 12.Rc1 Re8 13.e3 Qd7  1/2-1/2

[Event "Moscow-ch"]
[Site "Moscow"]
[Date "1981.??.??"]
[Round "4"]
[White "Gulko, Boris F"]
[Black "Panchenko, Alexander N"]
[Result "1-0"]
[WhiteElo "2590"]
[BlackElo "2530"]

1.d4 Nf6 2.c4 e6 3.Nf3 b6 4.Nc3 Bb7 5.a3 d5 6.cxd5 exd5 7.g3 Be7 8.Bg2 O-O
9.O-O c5 10.Bf4 Nc6 11.dxc5 bxc5 12.Ne5 Nd4 13.Nc4 Ne4 14.Ne3 f5 15.Be5 Bf6
16.Bxf6 Rxf6 17.Rc1 Rc8 18.Na4 Ba6 19.Re1 f4 20.Ng4 Rf5 21.f3 Ng5 22.Nxc5 Rxc5
23.Rxc5 Qb6 24.Qxd4 Ne6 25.Rc8+ Bxc8 26.Qxb6 axb6 27.e3 fxg3 28.hxg3 d4 29.f4 Rc5
30.exd4 Nxd4 31.Ne3 Nc2 32.Re2 Nxe3 33.Rxe3  1-0

[Event "Moscow-ch"]
[Site "Moscow"]
[Date "1981.??.??"]
[Round "4"]
[White "Arbakov, Valentin"]
[Black "Psakhis, Lev"]
[Result "0-1"]
[WhiteElo "2445"]
[BlackElo "2500"]

1.d4 Nf6 2.c4 e6 3.Nf3 b6 4.Nc3 Bb4 5.e3 Ne4 6.Qc2 Bb7 7.Nd2 Bxc3 8.bxc3 f5
9.Nxe4 Bxe4 10.Bd3 Bxd3 11.Qxd3 O-O 12.O-O Nc6 13.a4 d6 14.Ba3 Qd7 15.Bb4 Rfc8
16.Rfd1 Qf7 17.a5 e5 18.Ra4 e4 19.Qe2 Nd8 20.c5 bxc5 21.dxc5 d5 22.c4 dxc4
23.Bc3 Nc6 24.Rxc4 Rd8 25.Rc1 Rab8 26.f3 Rd3 27.Ba1 Qe6 28.fxe4 fxe4 29.Qe1 Rbd8
30.h3 Qg6 31.R4c2 Qg5 32.Re2 h5 33.Kh1 h4 34.Kh2 a6 35.Bb2 R8d5 36.Ba1 Ne7
37.g4 Rd8 38.Bb2 Nc6 39.Rc4 Rd1 40.Qf2 Qd5 41.Rcc2 Nb4 42.Bd4 Nxc2 43.Rxc2 Qg5
44.Qf5 Qxf5 45.gxf5 Rf1 46.Rg2 Rd7 47.c6 Rd5 48.Rxg7+ Kf8 49.Rg4 Rxa5 50.Kg2 Rfxf5
51.Rxh4 Ra2+ 52.Kg1 Rg5+ 53.Kh1 Rb5 54.Rf4+ Kg8 55.Rg4+ Kh7 56.Rg1 a5 57.Rc1 a4
58.Bc5 Rab2 59.Rc4 Rxc5  0-1

[Event "Moscow-ch"]
[Site "Moscow"]
[Date "1981.??.??"]
[Round "15"]
[White "Antoshin, Vladimir S"]
[Black "Makarichev, Sergey"]
[Result "0-1"]
[WhiteElo "2470"]
[BlackElo "2535"]

1.d4 Nf6 2.c4 e6 3.Nf3 b6 4.Nc3 Bb7 5.a3 d5 6.cxd5 Nxd5 7.e3 Be7 8.Bb5+ c6
9.Bd3 Nxc3 10.bxc3 c5 11.O-O O-O 12.Qc2 h6 13.Qe2 Qc8 14.Bd2 Nc6 15.e4 Rd8
16.Qe3 Na5 17.Rfb1 Bf6 18.h3 Qd7 19.e5 Be7 20.Bc2 cxd4 21.cxd4 Rac8 22.Rc1 Nc4
23.Qd3 g6 24.Bxh6 Bxf3 25.Qxf3 Qxd4 26.Qb7 Qh4 27.Bd3 Qxh6 28.Rxc4 Rxc4 29.Bxc4 Bc5
30.Qf3 Rd4 31.Be2 Rf4 32.Qa8+ Kg7 33.Bf3 Qg5 34.Re1 Ra4 35.Bg4 Qd2 36.Re2 Qd1+
37.Kh2 Rxg4 38.Qf3 Rf4 39.Qxf4 Qxe2 40.Qf6+ Kg8  0-1

[Event "Pamporovo"]
[Site "Pamporovo"]
[Date "1981.??.??"]
[Round "8"]
[White "Lechtynsky, Jiri"]
[Black "Danailov, Silvio"]
[Result "1/2-1/2"]
[WhiteElo "2455"]
[BlackElo "2310"]

1.Nf3 Nf6 2.c4 e6 3.d4 b6 4.Nc3 Bb4 5.Bg5 h6 6.Bh4 g5 7.Bg3 Ne4 8.Qc2 Bb7
9.e3 Bxc3+ 10.bxc3 Nxg3 11.hxg3 Nc6 12.Nd2 Qe7 13.Qb2 Na5 14.c5 h5 15.c4 Qf6
16.Rb1 h4 17.g4 Bc6 18.e4 Nb7 19.Rh3 Ke7 20.Rf3 Qg7 21.Re3 Rhc8 22.Nf3 Qf6
23.Qc2 d6 24.e5 Qg7 25.d5 Be8 26.exd6+ cxd6 27.dxe6 fxe6 28.cxb6 axb6 29.Rxb6 Nc5
30.Qb2 Qxb2 31.Rxb2 Kf6 32.Nd4 Ra6 33.Nb3 Nd7 34.c5 Ra3 35.cxd6 Rc6 36.Bb5 Rxd6
37.Bxd7 Rxd7 38.Nd2 Rxe3+ 39.fxe3 Bg6 40.a4 Bd3 41.Rb4 Rc7 42.Rb2 Rc1+ 43.Kf2 Ra1
44.Nb3 Rxa4 45.Nc5 Ra3 46.Rd2 Bc4 47.Nd7+ Ke7 48.Nb6 Bb5 49.Nc8+ Kf6  1/2-1/2

[Event "Plovdiv"]
[Site "Plovdiv"]
[Date "1981.??.??"]
[Round "1"]
[White "Padevsky, Nikola"]
[Black "Ajanski, Jordan S"]
[Result "1-0"]
[WhiteElo "2435"]
[BlackElo "2365"]

1.d4 Nf6 2.c4 e6 3.Nf3 b6 4.Nc3 Bb7 5.a3 Be7 6.d5 O-O 7.e4 exd5 8.exd5 Re8
9.Be2 Bf8 10.O-O h6 11.b3 Na6 12.Nd4 Nc5 13.Bf3 Rc8 14.Qc2 c6 15.b4 Na6 16.dxc6 Bxc6
17.Nxc6 dxc6 18.Bf4 g5 19.Bg3 g4 20.Be2 Nc7 21.Bh4 h5 22.Rad1 Qe7 23.f3 Qe3+
24.Kh1 Re6 25.f4 Ne4 26.Rd3 Nxc3 27.Rxe3 Rxe3 28.Qf5 Rce8 29.Bd1 Nxd1 30.Rxd1 Ne6
31.Qxh5 Nxf4 32.Qxg4+ Ng6 33.Bg3 Bg7 34.Rf1 R8e6 35.Qf5 Bf6 36.a4 R3e4 37.h3 Rxc4
38.Re1 Rxe1+ 39.Bxe1 Kg7 40.Bd2 Be5 41.g4 Rd4 42.Qc2 Kg8 43.Kg1 Bd6 44.Bc3 Rf4
45.Qd2 Be7 46.Qd7 c5 47.bxc5 Bxc5+ 48.Kg2 a5 49.Qe8+ Bf8 50.Kg3 Rf1 51.Bd4 Rb1
52.h4 Rb3+ 53.Be3 Kg7 54.h5 Bd6+ 55.Kf2 Rxe3 56.Kxe3 Ne5 57.g5 f5 58.Qe6  1-0

[Event "BUL-ch"]
[Site "Sofia"]
[Date "1981.??.??"]
[Round "12"]
[White "Spassov, Liuben"]
[Black "Trifunov, Dimitar"]
[Result "1/2-1/2"]
[WhiteElo "2460"]
[BlackElo "2200"]

1.Nf3 Nf6 2.c4 e6 3.Nc3 b6 4.d4 d5 5.cxd5 Nxd5 6.e3 Bb7 7.Bb5+ c6 8.Bd3 Be7
9.O-O O-O 10.e4 Nxc3 11.bxc3 c5 12.Qe2 cxd4 13.cxd4 Nc6 14.Bb2 Nb4 15.Bc4 Rc8
16.Ne5 Bd6 17.Rfd1 Bxe5 18.dxe5 Qh4 19.f3 Rc7 20.Rd2 Rfc8 21.Rad1 h6 22.Bb3 Ba6  1/2-1/2

[Event "Svendborg"]
[Site "Svendborg"]
[Date "1981.??.??"]
[Round "8"]
[White "Farago, Ivan"]
[Black "Iskov, Gert"]
[Result "1-0"]
[WhiteElo "2515"]
[BlackElo "2420"]

1.d4 Nf6 2.c4 e6 3.Nf3 b6 4.Nc3 Bb4 5.Bg5 h6 6.Bh4 g5 7.Bg3 Ne4 8.Qc2 Bb7
9.e3 Bxc3+ 10.bxc3 Nxg3 11.hxg3 Nc6 12.Nd2 Qe7 13.Nb3 Qa3 14.Bd3 Na5 15.e4 Nxb3
16.Qxb3 Qxb3 17.axb3 Ke7 18.Kd2 a5 19.g4 d6 20.Rh5 Kf6 21.g3 Kg7 22.f4 f6
23.e5 dxe5 24.dxe5 fxe5 25.fxg5 e4 26.Be2 hxg5 27.Rxg5+ Kf6 28.Rh5 Rag8 29.Rf1+ Ke7
30.Rg1 Bc6 31.Ke3 Be8 32.Rh4 Bg6 33.Rgh1 Rxh4 34.gxh4 Kd6 35.h5 Bh7 36.Rg1 Ke5
37.g5 Bf5 38.Bd1 c6 39.Bc2 b5 40.c5 a4 41.bxa4 bxa4 42.Bxa4 Rh8 43.Bd1 Ra8
44.g6 Ra3 45.Bg4 Rxc3+ 46.Kd2 Rd3+ 47.Kc2 Bxg6 48.hxg6 Rd7 49.Bxe6  1-0

[Event "URS-FL49"]
[Site "Volgodonsk"]
[Date "1981.??.??"]
[Round "12"]
[White "Gulko, Boris F"]
[Black "Chernin, Alexander"]
[Result "1/2-1/2"]
[WhiteElo "2565"]
[BlackElo "2455"]

1.d4 e6 2.c4 Nf6 3.Nf3 b6 4.Nc3 Bb7 5.a3 d5 6.cxd5 Nxd5 7.e3 Be7 8.Bb5+ c6
9.Bd3 c5 10.O-O cxd4 11.exd4 Nd7 12.Re1 O-O 13.Bd2 Rc8 14.Nxd5 Bxd5 15.Ba6 Rc6
16.Bb5 Rc8 17.Ba6 Rc6 18.Bb5 Rc8 19.Ba6  1/2-1/2

[Event "Yerevan"]
[Site "Yerevan"]
[Date "1981.??.??"]
[Round "3"]
[White "Klovsky, Rafail"]
[Black "Makarov, Marat"]
[Result "1/2-1/2"]
[WhiteElo "2200"]
[BlackElo "2330"]

1.d4 Nf6 2.Nf3 e6 3.c4 b6 4.Nc3 Bb7 5.Bg5 h6 6.Bh4 Be7 7.e3 Ne4 8.Bxe7 Qxe7
9.Qc2 Nxc3 10.Qxc3 O-O 11.Be2 c5 12.O-O d6 13.Rfd1 Nd7 14.dxc5 Nxc5 15.Nd2 Rfd8
16.Bf3 Rac8 17.b4 Bxf3 18.Nxf3 Ne4 19.Qd4 Nf6 20.Rac1 Rd7 21.h3 e5 22.Qb2 Rdc7
23.Nd2 d5 24.cxd5 Nxd5 25.Rxc7 Rxc7 26.a3 Nc3 27.Re1 Qe6 28.Nf3 Qd5 29.e4 Qd6
30.Qb3 Nb5 31.Rd1 Nd4 32.Nxd4 Rd7 33.Qg3 Qe7 34.Rd3 exd4 35.e5 f6 36.f4 fxe5
37.fxe5 Rd5 38.Qf4  1/2-1/2

[Event "Baile Herculane zt"]
[Site "Baile Herculane"]
[Date "1982.??.??"]
[Round "15"]
[White "Pinter, Jozsef"]
[Black "Csom, Istvan"]
[Result "1/2-1/2"]
[WhiteElo "2520"]
[BlackElo "2505"]

1.d4 Nf6 2.c4 e6 3.Nf3 b6 4.Nc3 Bb7 5.a3 d5 6.cxd5 exd5 7.Bf4 a6 8.Rc1 Bd6
9.Bxd6 Qxd6 10.g3 O-O 11.Bg2 Nc6 12.O-O Ne7 13.b4 Rab8 14.Qb3 Bc8 15.Rfd1 Be6
16.Ng5 Rfd8 17.b5 a5 18.Nxe6 Qxe6 19.e3 Ne8 20.Ne2 Rd6 21.Nf4 Qd7 22.Rc2 Qg4
23.Rdc1 Rbd8 24.h4 Qf5 25.Bh3 Qf6 26.Nd3 Ng6 27.Rc6 Ne7 28.Rxd6 Qxd6 29.Ne5 h5
30.Bg2 Qe6 31.Rc3 Qd6 32.Qd1 g6 33.Qf3 f5 34.Qf4 Kg7 35.f3 Nf6 36.Bh3 Rf8
37.Bf1 Ne8 38.Bd3 Nf6 39.Bb1 Ne8 40.Ba2 Nf6 41.Nd3 Rc8 42.Qe5 Qxe5 43.dxe5 Nd7
44.e6 Nf6 45.Nf4 c5 46.bxc6 b5 47.Kf2 Rxc6 48.Rxc6 Nxc6 49.Nxd5 Nxd5 50.Bxd5 Ne7
51.Ba2 Kf6 52.Ke2 Nc6 53.Kd3 Ke5 54.Kc3 Kd6 55.Bb3 Ne7 56.Bc2 Kxe6 57.Bd3 b4+
58.axb4 Nd5+ 59.Kd4 Nxb4 60.Bc4+ Kf6 61.Kc3 Nc6 62.Kb3 Ne5 63.Be2 Nd7 64.Ka4 Nb6+
65.Kxa5 Nd5 66.e4 fxe4 67.fxe4 Nc3 68.Bf3 Ke5 69.g4 hxg4 70.Bxg4 Nxe4 71.h5 gxh5
72.Bxh5  1/2-1/2

[Event "HUN-ch"]
[Site "Budapest"]
[Date "1982.??.??"]
[Round "?"]
[White "Karsa, Laszlo"]
[Black "Schneider, Attila"]
[Result "1/2-1/2"]
[WhiteElo "2385"]
[BlackElo "2365"]

1.d4 Nf6 2.c4 e6 3.Nf3 b6 4.Nc3 Bb7 5.Bg5 Be7 6.e3 h6 7.Bxf6 Bxf6 8.Rc1 d6
9.Bd3 Nd7 10.Be4 Bxe4 11.Nxe4 Be7 12.O-O c5 13.d5 e5 14.Nfd2 g6 15.g4 h5
16.f4 exf4 17.exf4 hxg4 18.Qxg4 Qc7 19.Ng5 Nf6 20.Qe2 Qd7 21.Rce1 Kf8 22.Ndf3 Re8
23.Ne5 dxe5 24.fxe5 Bd8 25.e6 fxe6 26.Qe5 Kg7 27.Nxe6+ Rxe6 28.dxe6 Qe7  1/2-1/2

[Event "CSR-ch"]
[Site "Frenstat"]
[Date "1982.??.??"]
[Round "8"]
[White "Vokac, Marek"]
[Black "Prandstetter, Eduard"]
[Result "1/2-1/2"]
[WhiteElo "2330"]
[BlackElo "2410"]

1.Nf3 e6 2.d4 Nf6 3.c4 b6 4.Nc3 Bb7 5.e3 d5 6.cxd5 exd5 7.Bd3 Bd6 8.Ne5 O-O
9.O-O c5 10.f4 Nc6 11.Bd2 cxd4 12.Nxc6 Bxc6 13.exd4 Ne4 14.Rc1 Bb7 15.Be3 Rc8
16.Qb3 Bb8 17.a4 Qd7 18.Rf3 Nxc3 19.bxc3 Bc6 20.Ra1 f5 21.Bd2 Kh8 22.Rff1 Bd6
23.a5 Rb8 24.axb6 Rxb6 25.Qa2 Ra8 26.Rfb1 Rxb1+ 27.Bxb1 g6 28.Qa6 Bc7 29.h4 Rb8
30.Qf1 Bb6 31.h5 Qg7 32.hxg6 hxg6 33.Qf2 Qf6 34.Qf3 Rb7 35.Be3 Rh7 36.Bf2 Bb7
37.Bd3 a5 38.Qe2 Re7 39.Qb2 Bd8 40.Qb5 Rf7 41.Re1 Kg7 42.c4 Qd6 43.c5 Qc7
44.Re6 Rf6 45.Re5 Bc6 46.Qb1 Rf7 47.g3 Bf6 48.Re2 Re7 49.Rb2 Qc8 50.Rb6 Rb7
51.Rxb7+ Bxb7 52.Qb5 Ba8 53.Qa4 Qc7 54.Bb5 g5 55.fxg5 Bxg5 56.Qc2 Kf6 57.Bd3 Qd7
58.Qe2 Bc6 59.Qe5+ Kf7 60.Bxf5 Qe7 61.Qh8 a4 62.Bg4 Qf6 63.Bh5+ Ke7 64.Qb8 Bd7
65.Qa7 Qe6 66.Bf3 Be3 67.Qb8 Bxf2+ 68.Kxf2 Qf6 69.Kg2 Qxd4 70.Qd6+ Kd8 71.Bxd5 Qd2+
72.Kf3 Qd3+ 73.Kf2 Qd2+ 74.Kf3 Qd3+ 75.Kf4 Qd2+ 76.Ke5 Qb2+ 77.Ke4 Qe2+  1/2-1/2

[Event "Gausdal Jubilee"]
[Site "Gausdal"]
[Date "1982.??.??"]
[Round "1"]
[White "Hartung Nielsen, Jens"]
[Black "Stigar, Petter"]
[Result "0-1"]
[WhiteElo "2240"]
[BlackElo "2230"]

1.d4 Nf6 2.Nf3 e6 3.c4 b6 4.Nc3 Bb4 5.e3 Bb7 6.Bd3 O-O 7.O-O d5 8.Ne5 Nbd7
9.f4 c5 10.cxd5 exd5 11.Rf3 Ne4 12.Rh3 Ndf6 13.Ne2 c4 14.Bc2 Bd6 15.Bd2 Bc8
16.Rf3 Bg4 17.Nxg4 Nxg4 18.Bxe4 dxe4 19.Rf1 Qe8 20.Ng3 Nf6 21.Nf5 Qd7 22.g4 Rfe8
23.Kh1 Bf8 24.Rg1 b5 25.Qe2 Nd5 26.Ng3 Rac8 27.f5 b4 28.Raf1 c3 29.Bc1 cxb2
30.Bxb2 Qa4 31.Rf2 Qxa2 32.Nh5 Qb3 33.Rg3 Nc3 34.Bxc3 bxc3 35.Qc2 Qc4 36.Rg1 Rb8
37.Rb1 Qd3  0-1